Cuentos con caballeros: El manuscrito oculto.

Saved in:
Bibliographic Details
Main Author: Ballesteros, Adriana (autora)
Other Authors: Jacob, Iván (ilustrador)
Format: Book
Published: Montevideo, Uruguay: Latinbooks International, 2011
Subjects:
Tags: Add Tag
No Tags, Be the first to tag this record!

MARC

LEADER 00000nam a22000007a 4500
003 CL-VaPUC
005 20240910155942.0
008 240827t2011 ||||| |||| 00| 0 eng d
999 |c 444521  |d 444519 
040 |c Pontificia Universidad Católica de Valparaíso 
082 7 |a 808.06882 BAL 2011  |2 22 
100 |9 890867  |a Ballesteros, Adriana  |e autora 
245 |a Cuentos con caballeros:  |b El manuscrito oculto. 
260 |a Montevideo, Uruguay:  |b Latinbooks International,  |c 2011 
300 |a 32 páginas. 
500 |a c.1 Donación a Biblioteca Abierta de Curauma. Realizada el 26 de agosto de 2024. 
583 |c 20240827  |k Gabriela Rodríguez Cuevas 
650 0 |9 307465  |a Literatura infantil   |x Libros ilustrados  |z Argentina 
650 0 |9 308044  |a Cuentos infantiles  |x Aventuras  |x Caballeros Medievales 
700 |9 890868  |a Jacob, Iván  |e ilustrador 
942 |2 ddc  |c BK 
952 |0 0  |1 0  |2 ddc  |4 0  |6 808_068820000000000_BAL_2011  |7 0  |8 A  |9 596488  |a BIBCUR  |b BIBCUR  |d 2024-08-27  |e Donación  |i 5662585  |l 1  |o 808.06882 BAL 2011  |p 5662585  |r 2025-04-22  |s 2024-12-06  |t 1  |w 2024-08-27  |y BK  |k CAC